000 00505nam a2200181 i 4500
001 81500
003 ES-MaACL
005 20230906174441.0
007 t|
008 041104s1966 sp ||||1| spa d
100 1 _aHuber, Siegfried.
_964487
245 1 0 _aPizarro /
_cSiegfried Huber ; [versión Agustín Puig].
250 _a[1ª ed.].
260 _aBarcelona :
_bGrijalbo,
_c1966.
300 _a372 p., 8 lám. ;
_c22 cm.
700 1 _aPuig, Agustín.
_994220
852 _aES-MaACL
_jC-29262
_bR.59551
999 _c81500
_d81500